| 000 | 00962nam a2200253Ia 4500 | ||
|---|---|---|---|
| 003 | OSt | ||
| 005 | 20220923225422.0 | ||
| 006 | a|||||r|||| 00| 0 | ||
| 007 | ta | ||
| 008 | 220922b |||||||| |||| 00| 0 hin d | ||
| 024 | _a267,341 | ||
| 037 | _cTextual | ||
| 040 |
_aARTS _cARTS _bhin |
||
| 041 |
_2hin _ahin |
||
| 082 | _aO15,1A1, G1.1-.4 | ||
| 100 |
_aशास्त्री, चन्द्रशेखर, संपा. _9156907 |
||
| 245 | 0 | _aश्रीमद्वाल्मीकीय रामायण | |
| 246 | _aShrīmadvālmīkīya rāmāyaṇa | ||
| 260 |
_aबनारस _b सस्ती साहित्य - पुस्तकमाला कार्यालय _c1931 |
||
| 300 |
_a452पृ. _ccm. |
||
| 650 | _aसंस्कृत साहित्य | ||
| 942 |
_hO15,1A1, G1.1-.4 _cTEXL _2CC |
||
| 999 |
_c378164 _d378164 |
||